| 000 | 00527nam a22001697a 4500 | ||
|---|---|---|---|
| 005 | 20251108164235.0 | ||
| 008 | 250721s1992 xx 000 0 ara d | ||
| 082 | 1 | 4 | _a621.3/محم |
| 100 | 1 | _aبني ياسين، محمد الطالب | |
| 245 | 1 | 0 | _aمبادئ الدوائر الكهربائية / |
| 264 | 1 |
_aإربد : _bدار الأمل للنشر، _c1992. |
|
| 300 | _a365ص | ||
| 650 | 1 | 7 | _aالهندسة الكهربائية |
| 700 | 1 | _aالمعاني، محمد منصور | |
| 942 |
_2ddc _cBK |
||
| 999 |
_c7220 _d7220 |
||